Dirac Kets, Gamov Vectors and Gel'fand Triplets : The Rigget hilbert space Formulation of Quantum Mechanics : Lectures in Mathematical Physics at the University of Texas at Austin

Αποθηκεύτηκε σε:
Λεπτομέρειες βιβλιογραφικής εγγραφής
Κύριος συγγραφέας: Bohm, Arno 1936- (Επιμελητής έκδοσης)
Άλλοι συγγραφείς: Gadella, M. (Manuel) 1949-, Dollard, John D. (Επιμελητής έκδοσης)
Μορφή: Βιβλίο
Γλώσσα:English
Δημοσίευση: Berlin : Springer-Verlag, c1989
Σειρά:Lecture notes in physics ; ; 348
Θέματα:
Ετικέτες: Προσθήκη ετικέτας
Δεν υπάρχουν, Καταχωρήστε ετικέτα πρώτοι!

MARC

LEADER 00000cam a2200000 i 4500
001 1/53631
008 951026s1989 eng d
020 |a 3-540-51916-5 
020 |a 0-387-51916-5 
035 |a 1995  |l 10044759 
035 |1 ΕΛΗ  |a 1995  |b 2410  |c ΑΝΟΥΣΗΣ 
040 |a GR-MY-UA  |b gre  |e aacr 
041 0 |a eng 
082 0 |a 530.12 
100 1 |a Bohm, Arno  |d 1936- 
245 1 0 |a Dirac Kets, Gamov Vectors and Gel'fand Triplets :  |b The Rigget hilbert space Formulation of Quantum Mechanics : Lectures in Mathematical Physics at the University of Texas at Austin /  |c A. Bohm, M. Gadella ; Edited by A. Bohm and J.D. Dollard 
260 |a Berlin :   |b Springer-Verlag,   |c c1989 
300 |a 119 p.;  |b ill.;  |c 25 cm. 
490 1 |a Lecture notes in physics  |v ; 348 
500 |a Includes bibliographical references 
650 0 0 |a Hilbert space. 
650 0 0 |a Quantum theory. 
700 1 |a Gadella, M.  |q (Manuel)  |d 1949- 
700 1 |a Bohm, Arno  |d 1936-  |e edt 
700 1 |a Dollard, John D.  |e edt 
830 0 |a Lecture notes in physics ;  |v ; 348 
852 |a INST  |b SAMOS  |e 19960717  |h 530.12 BOH  |p 005300005274  |q 005300005274  |t BK  |y 0 
852 |a INST  |b SAMOS  |e 19951026  |h 530.12 BOH  |p 005300009271  |q 005300009271  |t BK  |y 0 
901 |a BIBL-1997-1 
909 |a Σ  |b 049017 
909 |a Σ  |b 039190